000 00795nam a2200253Ia 4500
003 OSt
005 20221005082453.0
006 a|||||r|||| 00| 0
007 ta
008 221004b |||||||| |||| 00| 0 eng d
020 _a9788187358541 (hbk)
_c625
024 _a20653
037 _bCBS/296, 16/02/2015, Classic Book Service
_cTextual
040 _aCRL
_cCRL
_beng
041 _2eng
_aeng
082 _aY15-5927.21, Q4
100 _aStill Charinda
_9611918
245 0 _aDalit women
_b Honour and patriarchy in South India
260 _aNew Delhi
_bSocial Science Press India
_c2014
300 _aix,268p.
_ccm.
650 _aSOCIOLOGY
942 _hY15-5927.21, Q4
_cTEXL
_2cc
999 _c989388
_d989388